Selbstkritik und Versöhnungsfähigkeit

Gespeichert in:  
Bibliographische Detailangaben
1. VerfasserIn: Richter, Horst-Eberhard 1923-2011 (Verfasst von)
Medienart: Druck Aufsatz
Sprache:Deutsch
Veröffentlicht: 1993
In: Psyche
Jahr: 1993, Band: 47, Heft: 4, Seiten: 397-405
Verfügbarkeit prüfen: HBZ Gateway
Schlagwörter:

MARC

LEADER 00000caa a22000002c 4500
001 1640236759
003 DE-627
005 20220608131443.0
007 tu
008 160223s1993 xx ||||| 00| ||ger c
035 |a (DE-627)1640236759 
035 |a (DE-576)456090991 
035 |a (DE-599)BSZ456090991 
040 |a DE-627  |b ger  |c DE-627  |e rakwb 
041 |a ger 
100 1 |a Richter, Horst-Eberhard  |d 1923-2011  |0 (DE-588)118810340  |0 (DE-627)035145307  |0 (DE-576)162721129  |4 aut 
109 |a Richter, Horst-Eberhard 1923-2011  |a Richter, Horst Eberhard 1923-2011  |a Richter, H. E. 1923-2011  |a Richter, Horst-E. 1923-2011  |a Richter, Horst E. 1923-2011 
245 1 0 |a Selbstkritik und Versöhnungsfähigkeit  |c Horst-Eberhard Richter 
264 1 |c 1993 
336 |a Text  |b txt  |2 rdacontent 
337 |a ohne Hilfsmittel zu benutzen  |b n  |2 rdamedia 
338 |a Band  |b nc  |2 rdacarrier 
773 0 8 |i In  |t Psyche  |d Stuttgart : Klett-Cotta, 1947  |g 47(1993), 4, Seite 397-405  |w (DE-627)129304190  |w (DE-600)123814-0  |w (DE-576)014499010  |x 0033-2623  |7 nnas 
773 1 8 |g volume:47  |g year:1993  |g number:4  |g pages:397-405 
935 |a mkri 
951 |a AR 
ELC |b 1 
LOK |0 000 xxxxxcx a22 zn 4500 
LOK |0 001 3301705235 
LOK |0 003 DE-627 
LOK |0 004 1640236759 
LOK |0 005 20160223101432 
LOK |0 008 160208||||||||||||||||ger||||||| 
LOK |0 040   |a DE-21-110  |c DE-627  |d DE-21-110 
LOK |0 689   |a s  |a Fremdenhass 
LOK |0 689   |a s  |a Fremdenfeindlichkeit 
LOK |0 689   |a s  |a Persönlichkeitsstruktur 
LOK |0 689   |a s  |a Selbsthass 
LOK |0 852   |z Kein Bestand am IfK; Nachweis für KrimDok 
LOK |0 852   |a DE-21-110 
LOK |0 852 1  |m v  |9 00 
LOK |0 935   |a k110 
LOK |0 938   |k v 
LOK |0 939   |a 08-02-16  |b l01 
ORI |a SA-MARC-krimdoka001.raw